000 00412nam a2200181Ia 4500
001 18141
005 20260306171608.0
008 260306s9999||||xx |||||||||||||| ||und||
041 _aESP
082 _a658.4012
_bH54 2011
100 _aHill, Charles W.L.
_eAUT
245 0 _aAdministración estratégica
260 _c2011
300 _a
_c
650 _aGEN
654 _aCAN
942 _cLIB
_dJUS
_fJUS
_2ddc
_n
999 _c18141
_d18141